[Event "Greek Team Championship"]
[Site "chess24.com"]
[Date "2017.07.06"]
[Round "5"]
[White "Kanakaris, Georgios"]
[Black "Macieja, Bartlomiej"]
[Result "1/2-1/2"]
[Board "1"]
[WhiteElo "2359"]
[WhiteCountry "GRE"]
[WhiteFideId "4209460"]
[WhiteEloChange "5"]
[BlackElo "2537"]
[BlackTitle "GM"]
[BlackCountry "POL"]
[BlackFideId "1104306"]
[BlackEloChange "-2"]

1. d4 {[%clk 1:30:55]} e6 {[%clk 1:23:43]} 2. c4 {[%clk 1:31:03]} Nf6 {[%clk
1:23:26]} 3. Nc3 {[%clk 1:31:22]} Bb4 {[%clk 1:23:52]} 4. e3 {[%clk 1:31:22]} O-O
{[%clk 1:24:12]} 5. Bd3 {[%clk 1:31:13]} c5 {[%clk 1:24:38]} 6. Nf3 {[%clk
1:31:33]} d5 {[%clk 1:24:55]} 7. O-O {[%clk 1:31:46]} dxc4 {[%clk 1:22:43]} 8.
Bxc4 {[%clk 1:32:07]} Nbd7 {[%clk 1:23:04]} 9. Qe2 {[%clk 1:30:32]} b6 {[%clk
1:23:20]} 10. Rd1 {[%clk 1:29:11]} Bb7 {[%clk 1:23:41]} 11. dxc5 {[%clk 1:22:22]}
Bxc5 {[%clk 1:03:35]} 12. a3 {[%clk 1:21:51]} Qb8 {[%clk 0:38:11]} 13. Ba6 {[%clk
1:11:01]} Bxa6 {[%clk 0:29:16]} 14. Qxa6 {[%clk 1:11:20]} Rc8 {[%clk 0:29:43]}
15. Bd2 {[%clk 0:52:25]} Be7 {[%clk 0:11:59]} 16. Be1 {[%clk 0:51:21]} Nc5 {[%clk
0:11:36]} 17. Qe2 {[%clk 0:51:44]} Nfe4 {[%clk 0:11:54]} 18. Nxe4 {[%clk
0:45:33]} Nxe4 {[%clk 0:12:22]} 19. Rac1 {[%clk 0:45:22]} Bf6 {[%clk 0:09:31]}
20. Qb5 {[%clk 0:35:02]} h6 {[%clk 0:07:59]} 21. Nd2 {[%clk 0:26:07]} Qb7 {[%clk
0:04:57]} 22. Nxe4 {[%clk 0:09:45]} Qxe4 {[%clk 0:05:25]} 23. Qb3 {[%clk
0:09:31]} Rxc1 {[%clk 0:05:12]} 24. Rxc1 {[%clk 0:09:57]} Rd8 {[%clk 0:05:35]}
25. h3 {[%clk 0:07:08]} Rd5 {[%clk 0:01:10]} 26. Kf1 {[%clk 0:04:29]} Rd8 {[%clk
0:00:32]} 27. Kg1 {[%clk 0:02:32]} Qd3 {[%clk 0:00:56]} 28. Bc3 {[%clk 0:01:21]}
g6 {[%clk 0:00:32]} 29. g3 {[%clk 0:01:22]} h5 {[%clk 0:00:36]} 30. Qc2 {[%clk
0:00:52]} Qxc2 {[%clk 0:00:34]} 31. Rxc2 {[%clk 0:01:17]} Rc8 {[%clk 0:00:48]}
32. Kf1 {[%clk 0:00:47]} Bxc3 {[%clk 0:00:45]} 33. Rxc3 {[%clk 0:01:11]} Rxc3
{[%clk 0:01:10]} 34. bxc3 {[%clk 0:01:37]} Kg7 {[%clk 0:00:53]} 35. f4 {[%clk
0:00:48]} Kf6 {[%clk 0:01:20]} 36. Ke2 {[%clk 0:00:34]} e5 {[%clk 0:01:39]} 37.
Kd3 {[%clk 0:00:32]} Ke6 {[%clk 0:01:53]} 38. g4 {[%clk 0:00:45]} hxg4 {[%clk
0:00:36]} 39. hxg4 {[%clk 0:01:10]} f5 {[%clk 0:00:41]} 40. g5 {[%clk 0:30:51]}
exf4 {[%clk 0:30:32]} 41. exf4 {[%clk 0:31:15]} Kd5 {[%clk 0:14:38]} 42. c4+
{[%clk 0:31:19]} Kc5 {[%clk 0:13:32]} 43. Kc3 {[%clk 0:30:46]} a6 {[%clk
0:13:37]} 44. Kd3 {[%clk 0:29:02]} b5 {[%clk 0:13:35]} 45. cxb5 {[%clk 0:29:19]}
axb5 {[%clk 0:14:03]} 46. Kc3 {[%clk 0:29:38]} Kc6 {[%clk 0:13:16]} 47. Kc2
{[%clk 0:27:15]} Kb6 {[%clk 0:10:24]} 48. Kb2 {[%clk 0:27:34]} 1/2-1/2

[Event "Greek Team Championship"]
[Site "chess24.com"]
[Date "2017.07.06"]
[Round "5"]
[White "Moutousis, Konstantinos"]
[Black "Vafiadis, Kleanthis"]
[Result "1/2-1/2"]
[Board "2"]
[WhiteElo "2413"]
[WhiteTitle "IM"]
[WhiteCountry "GRE"]
[WhiteFideId "4200071"]
[WhiteEloChange "-2"]
[BlackElo "2235"]
[BlackCountry "GRE"]
[BlackFideId "4201850"]
[BlackEloChange "5"]

1. d4 {[%clk 1:30:16]} Nf6 {[%clk 1:30:36]} 2. c4 {[%clk 1:29:09]} g6 {[%clk
1:30:56]} 3. Nc3 {[%clk 1:27:45]} Bg7 {[%clk 1:31:11]} 4. e4 {[%clk 1:27:59]} d6
{[%clk 1:31:34]} 5. f3 {[%clk 1:21:08]} O-O {[%clk 1:31:44]} 6. Be3 {[%clk
1:21:14]} c5 {[%clk 1:31:58]} 7. d5 {[%clk 1:19:22]} e6 {[%clk 1:31:23]} 8. Qd2
{[%clk 1:19:27]} exd5 {[%clk 1:24:37]} 9. cxd5 {[%clk 1:19:52]} Na6 {[%clk
1:25:01]} 10. Nge2 {[%clk 1:19:46]} Nc7 {[%clk 1:25:16]} 11. a4 {[%clk 1:19:34]}
h5 {[%clk 1:19:43]} 12. Bh6 {[%clk 1:07:23]} Re8 {[%clk 1:16:05]} 13. Bxg7 {[%clk
1:07:24]} Kxg7 {[%clk 1:16:29]} 14. Nc1 {[%clk 0:57:59]} Nh7 {[%clk 1:15:29]} 15.
Be2 {[%clk 0:57:19]} Qh4+ {[%clk 1:05:38]} 16. g3 {[%clk 0:55:12]} Qf6 {[%clk
1:04:46]} 17. Nd3 {[%clk 0:53:07]} Ng5 {[%clk 0:55:52]} 18. Qf4 {[%clk 0:45:31]}
Qe7 {[%clk 0:55:24]} 19. h4 {[%clk 0:37:58]} Nh7 {[%clk 0:55:16]} 20. g4 {[%clk
0:38:14]} hxg4 {[%clk 0:46:00]} 21. fxg4 {[%clk 0:38:29]} Bd7 {[%clk 0:46:16]}
22. g5 {[%clk 0:20:54]} b5 {[%clk 0:42:58]} 23. axb5 {[%clk 0:19:41]} Nxb5 {[%clk
0:43:04]} 24. Nf2 {[%clk 0:19:41]} Nxc3 {[%clk 0:38:40]} 25. bxc3 {[%clk
0:20:04]} a5 {[%clk 0:39:02]} 26. Kd2 {[%clk 0:18:44]} a4 {[%clk 0:36:01]} 27.
Bd3 {[%clk 0:18:28]} Reb8 {[%clk 0:32:58]} 28. Bc2 {[%clk 0:18:20]} a3 {[%clk
0:32:07]} 29. Rhe1 {[%clk 0:15:23]} f6 {[%clk 0:20:19]} 30. gxf6+ {[%clk
0:14:48]} Qxf6 {[%clk 0:20:42]} 31. Qg3 {[%clk 0:12:43]} c4 {[%clk 0:18:24]} 32.
e5 {[%clk 0:08:35]} dxe5 {[%clk 0:18:43]} 33. Rxe5 {[%clk 0:06:57]} Re8 {[%clk
0:09:00]} 34. Rxe8 {[%clk 0:06:03]} Bxe8 {[%clk 0:09:18]} 35. Ng4 {[%clk
0:04:09]} Qf7 {[%clk 0:07:57]} 36. Qe5+ {[%clk 0:02:26]} Nf6 {[%clk 0:08:20]} 37.
Be4 {[%clk 0:02:14]} Bd7 {[%clk 0:08:20]} 38. Nxf6 {[%clk 0:00:50]} Qxf6 {[%clk
0:08:44]} 39. Qxf6+ {[%clk 0:01:11]} Kxf6 {[%clk 0:09:09]} 40. Ke3 {[%clk
0:31:27]} Bg4 {[%clk 0:34:09]} 41. Kd4 {[%clk 0:29:40]} Be2 {[%clk 0:31:58]} 42.
Ra2 {[%clk 0:22:22]} Bd1 {[%clk 0:19:55]} 43. Kxc4 {[%clk 0:17:23]} Ra4+ {[%clk
0:20:17]} 44. Kd3 {[%clk 0:17:19]} Bb3 {[%clk 0:20:29]} 45. Ra1 {[%clk 0:17:17]}
Ke5 {[%clk 0:18:14]} 46. Bxg6 {[%clk 0:16:45]} Bxd5 {[%clk 0:18:35]} 47. h5
{[%clk 0:17:04]} a2 {[%clk 0:17:03]} 48. Kc2 {[%clk 0:16:31]} Rh4 {[%clk
0:11:50]} 49. Re1+ {[%clk 0:15:48]} Kd6 {[%clk 0:12:15]} 50. Kb2 {[%clk 0:15:41]}
Rh2+ {[%clk 0:12:36]} 51. Ka1 {[%clk 0:14:45]} Kc5 {[%clk 0:12:52]} 1/2-1/2

[Event "Greek Team Championship"]
[Site "chess24.com"]
[Date "2017.07.06"]
[Round "5"]
[White "Papakonstantinou, Dimitrios"]
[Black "Mihailidis, Anastasios"]
[Result "0-1"]
[Board "3"]
[WhiteElo "2207"]
[WhiteCountry "GRE"]
[WhiteFideId "4218655"]
[WhiteEloChange "-7"]
[BlackElo "2302"]
[BlackTitle "FM"]
[BlackCountry "GRE"]
[BlackFideId "4205588"]
[BlackEloChange "7"]

1. e4 {[%clk 1:30:56]} e5 {[%clk 1:30:29]} 2. Nf3 {[%clk 1:31:17]} Nc6 {[%clk
1:30:40]} 3. Bb5 {[%clk 1:31:39]} f5 {[%clk 1:30:05]} 4. d3 {[%clk 1:30:43]} fxe4
{[%clk 1:29:46]} 5. dxe4 {[%clk 1:31:07]} Nf6 {[%clk 1:30:03]} 6. O-O {[%clk
1:31:03]} Bc5 {[%clk 1:28:45]} 7. Qd3 {[%clk 1:30:46]} d6 {[%clk 1:28:07]} 8. Nc3
{[%clk 1:29:38]} O-O {[%clk 1:17:54]} 9. Bxc6 {[%clk 1:14:07]} bxc6 {[%clk
1:18:19]} 10. Nxe5 {[%clk 1:14:33]} Qe8 {[%clk 1:16:20]} 11. Nf3 {[%clk 1:13:16]}
a5 {[%clk 1:11:25]} 12. Na4 {[%clk 1:10:44]} Ba7 {[%clk 0:59:32]} 13. Be3 {[%clk
1:02:07]} Bxe3 {[%clk 0:57:15]} 14. Qxe3 {[%clk 1:02:13]} Qxe4 {[%clk 0:57:33]}
15. Qxe4 {[%clk 1:00:11]} Nxe4 {[%clk 0:58:01]} 16. Rfe1 {[%clk 0:58:22]} Rf4
{[%clk 0:44:37]} 17. b3 {[%clk 0:49:37]} Bg4 {[%clk 0:17:36]} 18. g3 {[%clk
0:48:12]} Nxg3 {[%clk 0:16:06]} 19. hxg3 {[%clk 0:46:03]} Rxf3 {[%clk 0:16:34]}
20. Re4 {[%clk 0:46:22]} Bf5 {[%clk 0:14:21]} 21. Rc4 {[%clk 0:45:45]} Rf8 {[%clk
0:13:19]} 22. Re1 {[%clk 0:41:47]} c5 {[%clk 0:07:44]} 23. Re7 {[%clk 0:36:25]}
Bg6 {[%clk 0:06:24]} 24. Rf4 {[%clk 0:33:47]} R3xf4 {[%clk 0:04:49]} 25. gxf4
{[%clk 0:34:15]} Rf7 {[%clk 0:03:41]} 26. Re8+ {[%clk 0:33:58]} Rf8 {[%clk
0:04:10]} 27. Re7 {[%clk 0:34:23]} Rc8 {[%clk 0:04:28]} 28. c4 {[%clk 0:33:10]}
Kf8 {[%clk 0:04:27]} 29. Re3 {[%clk 0:32:41]} Re8 {[%clk 0:04:56]} 30. Nc3 {[%clk
0:32:21]} c6 {[%clk 0:05:12]} 31. Kg2 {[%clk 0:32:30]} Bf5 {[%clk 0:04:28]} 32.
Kg3 {[%clk 0:31:05]} Re6 {[%clk 0:04:42]} 33. Kf3 {[%clk 0:29:26]} Kf7 {[%clk
0:04:42]} 34. Ne2 {[%clk 0:28:59]} g6 {[%clk 0:04:19]} 35. Nc3 {[%clk 0:28:44]}
h5 {[%clk 0:03:43]} 36. Kg3 {[%clk 0:29:00]} Kf6 {[%clk 0:03:19]} 37. Kh4 {[%clk
0:29:20]} Bc2 {[%clk 0:01:46]} 38. Ne2 {[%clk 0:26:12]} Re4 {[%clk 0:01:12]} 39.
Kg3 {[%clk 0:25:59]} d5 {[%clk 0:01:07]} 40. Nc1 {[%clk 0:48:02]} Rxe3+ {[%clk
0:31:06]} 41. fxe3 {[%clk 0:42:54]} d4 {[%clk 0:31:12]} 42. Kf2 {[%clk 0:42:44]}
d3 {[%clk 0:30:10]} 43. Ke1 {[%clk 0:43:07]} h4 {[%clk 0:30:03]} 0-1

[Event "Greek Team Championship"]
[Site "chess24.com"]
[Date "2017.07.06"]
[Round "5"]
[White "Tzouganakis, Panteleimon"]
[Black "Papadopoulos, Panayotis"]
[Result "1-0"]
[Board "4"]
[WhiteElo "2227"]
[WhiteCountry "GRE"]
[WhiteFideId "4215826"]
[WhiteEloChange "8"]
[BlackElo "2172"]
[BlackCountry "GRE"]
[BlackFideId "4222636"]
[BlackEloChange "-8"]

1. e4 {[%clk 1:30:54]} c5 {[%clk 1:30:51]} 2. Nf3 {[%clk 1:31:07]} Nc6 {[%clk
1:31:11]} 3. b3 {[%clk 1:25:40]} d6 {[%clk 1:28:44]} 4. Bb2 {[%clk 1:24:53]} Nf6
{[%clk 1:27:51]} 5. Nc3 {[%clk 1:18:28]} g6 {[%clk 1:26:03]} 6. Nd5 {[%clk
1:09:54]} e5 {[%clk 1:25:21]} 7. Nxf6+ {[%clk 1:04:46]} Qxf6 {[%clk 1:25:45]} 8.
h3 {[%clk 1:02:51]} Bg7 {[%clk 1:25:15]} 9. Bc4 {[%clk 0:58:27]} Be6 {[%clk
1:23:47]} 10. Qe2 {[%clk 0:57:22]} a6 {[%clk 1:21:57]} 11. O-O {[%clk 0:54:10]}
O-O {[%clk 1:20:21]} 12. a4 {[%clk 0:46:50]} Rab8 {[%clk 1:12:37]} 13. a5 {[%clk
0:40:20]} Qd8 {[%clk 1:04:49]} 14. Bc3 {[%clk 0:39:23]} Nd4 {[%clk 0:58:55]} 15.
Bxd4 {[%clk 0:37:36]} exd4 {[%clk 0:57:53]} 16. d3 {[%clk 0:33:11]} Re8 {[%clk
0:53:21]} 17. Bxe6 {[%clk 0:29:01]} Rxe6 {[%clk 0:49:33]} 18. Nd2 {[%clk
0:24:40]} Bh6 {[%clk 0:44:45]} 19. f4 {[%clk 0:21:08]} Qh4 {[%clk 0:38:36]} 20.
Qf2 {[%clk 0:21:10]} Qh5 {[%clk 0:38:21]} 21. Kh2 {[%clk 0:17:09]} f5 {[%clk
0:36:45]} 22. Rae1 {[%clk 0:17:25]} Rbe8 {[%clk 0:33:51]} 23. g3 {[%clk 0:15:33]}
Bg7 {[%clk 0:27:52]} 24. Kg2 {[%clk 0:12:09]} d5 {[%clk 0:22:32]} 25. e5 {[%clk
0:12:07]} g5 {[%clk 0:22:07]} 26. Qf3 {[%clk 0:10:45]} g4 {[%clk 0:21:39]} 27.
hxg4 {[%clk 0:10:56]} Qxg4 {[%clk 0:14:55]} 28. Qxd5 {[%clk 0:11:08]} Kh8 {[%clk
0:15:19]} 29. Qf3 {[%clk 0:10:21]} Qg6 {[%clk 0:15:44]} 30. Rh1 {[%clk 0:10:25]}
Rg8 {[%clk 0:12:25]} 31. Rh3 {[%clk 0:09:49]} Re7 {[%clk 0:10:48]} 32. Nc4 {[%clk
0:09:29]} Bf8 {[%clk 0:10:25]} 33. Kf2 {[%clk 0:08:52]} Qe6 {[%clk 0:09:21]} 34.
Reh1 {[%clk 0:08:49]} Rf7 {[%clk 0:08:32]} 35. Rh5 {[%clk 0:08:14]} Rg4 {[%clk
0:07:46]} 36. R1h4 {[%clk 0:07:36]} Rg6 {[%clk 0:06:35]} 37. Qh1 {[%clk 0:06:16]}
h6 {[%clk 0:06:17]} 38. Nb6 {[%clk 0:04:47]} Kh7 {[%clk 0:04:53]} 39. Qd5 {[%clk
0:04:26]} Qe8 {[%clk 0:03:50]} 40. Rh3 {[%clk 0:33:48]} Re6 {[%clk 0:32:07]} 41.
Qf3 {[%clk 0:27:33]} Qb5 {[%clk 0:30:02]} 42. Nc4 {[%clk 0:27:43]} Rg6 {[%clk
0:28:18]} 43. Rh1 {[%clk 0:27:32]} Qe8 {[%clk 0:26:46]} 44. R5h3 {[%clk 0:27:44]}
Qe6 {[%clk 0:26:05]} 45. Re1 {[%clk 0:27:33]} Qe8 {[%clk 0:25:06]} 46. Nb6 {[%clk
0:27:27]} Qb5 {[%clk 0:24:41]} 47. Nd5 {[%clk 0:22:15]} Be7 {[%clk 0:22:19]} 48.
e6 {[%clk 0:20:05]} Rfg7 {[%clk 0:22:38]} 49. Qh5 {[%clk 0:20:09]} Qxa5 {[%clk
0:17:50]} 50. Qxf5 {[%clk 0:20:19]} Qd8 {[%clk 0:17:42]} 51. Reh1 {[%clk
0:17:46]} 1-0

[Event "Greek Team Championship"]
[Site "chess24.com"]
[Date "2017.07.06"]
[Round "5"]
[White "Vatkali, Dimitra"]
[Black "Michna, Marta"]
[Result "0-1"]
[Board "5"]
[WhiteElo "2017"]
[WhiteCountry "GRE"]
[WhiteFideId "4200705"]
[WhiteEloChange "-2"]
[BlackElo "2372"]
[BlackTitle "WGM"]
[BlackCountry "GER"]
[BlackFideId "1106686"]
[BlackEloChange "2"]

1. e4 {[%clk 1:30:30]} e6 {[%clk 1:30:30]} 2. d4 {[%clk 1:30:30]} d5 {[%clk
1:30:30]} 3. Nd2 {[%clk 1:30:30]} Nf6 {[%clk 1:30:30]} 4. e5 {[%clk 1:30:30]}
Nfd7 {[%clk 1:30:30]} 5. Bd3 {[%clk 1:30:30]} b6 {[%clk 1:30:30]} 6. c3 {[%clk
1:30:30]} Ba6 {[%clk 1:30:30]} 7. Bxa6 {[%clk 1:30:30]} Nxa6 {[%clk 1:30:30]} 8.
Ne2 {[%clk 1:30:30]} Be7 {[%clk 1:30:30]} 9. O-O {[%clk 1:30:30]} c5 {[%clk
1:30:30]} 10. f4 {[%clk 1:30:30]} g6 {[%clk 1:30:30]} 11. Nf3 {[%clk 1:30:30]} c4
{[%clk 1:30:30]} 12. Be3 {[%clk 1:30:30]} b5 {[%clk 1:30:30]} 13. a3 {[%clk
1:30:30]} Nc7 {[%clk 1:30:30]} 14. Qe1 {[%clk 1:30:30]} Nb6 {[%clk 1:30:30]} 15.
Bf2 {[%clk 1:30:30]} h6 {[%clk 1:30:30]} 16. Bh4 {[%clk 1:30:30]} g5 {[%clk
1:30:30]} 17. fxg5 {[%clk 1:30:30]} hxg5 {[%clk 1:30:30]} 18. Bg3 {[%clk
1:30:30]} Rg8 {[%clk 1:30:30]} 19. Qf2 {[%clk 1:30:30]} Kd7 {[%clk 1:30:30]} 20.
Ne1 {[%clk 1:30:30]} Rg7 {[%clk 1:30:30]} 21. Nc2 {[%clk 1:30:30]} Qh8 {[%clk
1:30:30]} 22. Ne3 {[%clk 1:30:30]} g4 {[%clk 1:30:30]} 23. Nf4 {[%clk 1:30:30]}
Rag8 {[%clk 1:30:30]} 24. Rfe1 {[%clk 1:30:30]} Kc6 {[%clk 1:30:30]} 25. Re2
{[%clk 1:30:30]} Rh7 {[%clk 1:30:30]} 26. Nf1 {[%clk 1:30:30]} Na4 {[%clk
1:30:30]} 27. Qe3 {[%clk 1:30:30]} Bg5 {[%clk 1:30:30]} 28. Rf2 {[%clk 1:30:30]}
Na8 {[%clk 1:30:30]} 29. Qe2 {[%clk 1:30:30]} Be7 {[%clk 1:30:30]} 30. Qc2 {[%clk
1:30:30]} N8b6 {[%clk 1:30:30]} 31. Re2 {[%clk 1:30:30]} a6 {[%clk 1:30:30]} 32.
Rd1 {[%clk 1:30:30]} Nc8 {[%clk 1:30:30]} 33. Qd2 {[%clk 1:30:30]} Bf8 {[%clk
1:30:30]} 34. Qc2 {[%clk 1:30:30]} Ne7 {[%clk 1:30:30]} 35. Qd2 {[%clk 1:30:30]}
Bh6 {[%clk 1:30:30]} 36. Qe1 {[%clk 1:30:30]} Nf5 {[%clk 1:30:30]} 37. Qf2 {[%clk
1:30:30]} Bf8 {[%clk 1:30:30]} 38. Ne3 {[%clk 1:30:30]} Rxh2 {[%clk 1:30:30]} 39.
Bxh2 {[%clk 1:30:30]} g3 {[%clk 1:30:30]} 40. Bxg3 {[%clk 1:30:30]} Nxg3 {[%clk
1:30:30]} 41. Qf3 {[%clk 1:30:30]} Qh1+ {[%clk 1:30:30]} 42. Kf2 {[%clk 1:30:30]}
Ne4+ {[%clk 1:30:30]} 43. Qxe4 {[%clk 1:30:30]} Qh4+ {[%clk 1:30:30]} 44. Kg1
{[%clk 1:30:30]} dxe4 {[%clk 1:30:30]} 45. Rf1 {[%clk 1:30:30]} Bh6 {[%clk
1:30:30]} 46. Nfd5 {[%clk 1:30:30]} exd5 {[%clk 1:30:30]} 47. Nf5 {[%clk
1:30:30]} Qg5 {[%clk 1:30:30]} 48. Nxh6 {[%clk 1:30:30]} Qxh6 {[%clk 1:30:30]}
49. Rf6+ {[%clk 1:30:30]} Qxf6 {[%clk 1:30:30]} 50. exf6 {[%clk 1:30:30]} Rg6
{[%clk 1:30:30]} 51. Rf2 {[%clk 1:30:30]} Kd6 {[%clk 1:30:30]} 0-1

[Event "Greek Team Championship"]
[Site "chess24.com"]
[Date "2017.07.06"]
[Round "5"]
[White "Papathanasiou, Elisavet"]
[Black "Lagogianni, Niki Vasiliki"]
[Result "1-0"]
[Board "6"]
[WhiteElo "1927"]
[WhiteCountry "GRE"]
[WhiteFideId "4222687"]
[WhiteEloChange "2"]
[BlackElo "1106"]
[BlackCountry "GRE"]
[BlackFideId "25804359"]
[BlackEloChange "-2"]

1. Nf3 {[%clk 1:30:37]} Nc6 {[%clk 1:27:36]} 2. d4 {[%clk 1:30:37]} e6 {[%clk
1:25:58]} 3. e4 {[%clk 1:30:46]} d5 {[%clk 1:25:14]} 4. e5 {[%clk 1:29:32]} Nge7
{[%clk 1:21:45]} 5. Bg5 {[%clk 1:29:37]} h6 {[%clk 1:21:48]} 6. Bxe7 {[%clk
1:26:32]} Qxe7 {[%clk 1:20:20]} 7. c3 {[%clk 1:25:15]} b6 {[%clk 1:19:27]} 8. Bb5
{[%clk 1:24:08]} Bb7 {[%clk 1:18:41]} 9. Nbd2 {[%clk 1:23:45]} a6 {[%clk
1:18:24]} 10. Bd3 {[%clk 1:23:44]} g6 {[%clk 1:14:57]} 11. Qe2 {[%clk 1:22:41]}
Bg7 {[%clk 1:14:19]} 12. Bc2 {[%clk 1:20:30]} O-O {[%clk 1:13:01]} 13. h4 {[%clk
1:20:51]} h5 {[%clk 1:11:51]} 14. Ng5 {[%clk 1:20:42]} Bh6 {[%clk 1:12:06]} 15.
g4 {[%clk 1:18:56]} hxg4 {[%clk 1:09:08]} 16. Qxg4 {[%clk 1:19:21]} Kg7 {[%clk
1:08:36]} 17. f4 {[%clk 1:17:40]} Rh8 {[%clk 1:07:07]} 18. Ndf3 {[%clk 1:11:28]}
Bxg5 {[%clk 1:03:35]} 19. Nxg5 {[%clk 1:11:49]} Rh5 {[%clk 0:58:38]} 20. O-O-O
{[%clk 1:12:01]} Re8 {[%clk 0:56:11]} 21. Rdg1 {[%clk 1:11:59]} f5 {[%clk
0:55:01]} 22. exf6+ {[%clk 1:11:49]} Qxf6 {[%clk 0:55:12]} 23. Bxg6 {[%clk
1:09:41]} Kxg6 {[%clk 0:50:10]} 24. Ne4+ {[%clk 1:10:05]} Rg5 {[%clk 0:49:32]}
25. Nxf6 {[%clk 1:09:04]} Rxg4 {[%clk 0:49:35]} 26. Nxe8 {[%clk 1:09:03]} Rxg1+
{[%clk 0:49:28]} 27. Rxg1+ {[%clk 1:09:30]} Kh5 {[%clk 0:49:43]} 28. Ng7+ {[%clk
1:09:23]} Kxh4 {[%clk 0:49:37]} 29. Nxe6 {[%clk 1:09:49]} Ne7 {[%clk 0:49:39]}
30. Rg7 {[%clk 1:09:51]} Nf5 {[%clk 0:49:23]} 31. Rxc7 {[%clk 1:10:04]} Ba8
{[%clk 0:47:56]} 32. Nd8 {[%clk 1:10:29]} Kg4 {[%clk 0:47:30]} 33. Rc8 {[%clk
1:10:21]} 1-0

[Event "Greek Team Championship"]
[Site "chess24.com"]
[Date "2017.07.06"]
[Round "5"]
[White "Tzartzi, Petroula"]
[Black "Skiadopoulou, Afroditi-Lelouda"]
[Result "0-1"]
[Board "7"]
[WhiteElo "1243"]
[WhiteCountry "GRE"]
[WhiteFideId "25811169"]
[WhiteEloChange "-4"]
[BlackElo "1469"]
[BlackCountry "GRE"]
[BlackFideId "4290712"]
[BlackEloChange "4"]

1. e4 {[%clk 1:30:56]} e5 {[%clk 1:30:50]} 2. Nf3 {[%clk 1:31:16]} Nc6 {[%clk
1:31:15]} 3. Bb5 {[%clk 1:31:34]} a6 {[%clk 1:31:37]} 4. Ba4 {[%clk 1:31:34]} Nf6
{[%clk 1:31:40]} 5. d3 {[%clk 1:31:51]} b5 {[%clk 1:31:53]} 6. Bb3 {[%clk
1:32:02]} Be7 {[%clk 1:31:12]} 7. O-O {[%clk 1:31:27]} O-O {[%clk 1:31:33]} 8.
Nbd2 {[%clk 1:30:38]} Bb7 {[%clk 1:31:33]} 9. c3 {[%clk 1:30:10]} Re8 {[%clk
1:21:12]} 10. Re1 {[%clk 1:29:14]} Bc5 {[%clk 0:56:47]} 11. Nf1 {[%clk 1:25:23]}
d6 {[%clk 0:47:48]} 12. Ng3 {[%clk 1:24:52]} Bc8 {[%clk 0:41:20]} 13. h3 {[%clk
1:16:09]} h6 {[%clk 0:29:22]} 14. Nf5 {[%clk 1:10:07]} Nh7 {[%clk 0:23:24]} 15.
Nh2 {[%clk 1:03:25]} Bxf5 {[%clk 0:20:05]} 16. exf5 {[%clk 1:03:40]} Qh4 {[%clk
0:17:22]} 17. Be3 {[%clk 0:56:21]} Bxe3 {[%clk 0:17:01]} 18. Rxe3 {[%clk
0:56:19]} Qf6 {[%clk 0:13:27]} 19. Bd5 {[%clk 0:53:24]} Ne7 {[%clk 0:10:59]} 20.
Bxa8 {[%clk 0:53:03]} Rxa8 {[%clk 0:11:27]} 21. Qf3 {[%clk 0:51:09]} Rf8 {[%clk
0:10:42]} 22. Qe4 {[%clk 0:35:10]} Ng5 {[%clk 0:10:37]} 23. Qg4 {[%clk 0:31:00]}
Nxf5 {[%clk 0:10:42]} 24. Ree1 {[%clk 0:30:01]} Ne6 {[%clk 0:06:38]} 25. Nf3
{[%clk 0:20:41]} Rd8 {[%clk 0:02:52]} 26. Qe4 {[%clk 0:17:49]} Nf4 {[%clk
0:00:52]} 27. d4 {[%clk 0:16:20]} Qg6 {[%clk 0:01:05]} 28. g3 {[%clk 0:04:13]}
Nxh3+ {[%clk 0:01:04]} 29. Kg2 {[%clk 0:02:01]} Nf4+ {[%clk 0:01:20]} 30. Kg1
{[%clk 0:01:46]} Nxg3 {[%clk 0:01:00]} 31. Qxg6 {[%clk 0:01:56]} Nge2+ {[%clk
0:01:07]} 32. Kf1 {[%clk 0:01:39]} fxg6 {[%clk 0:01:34]} 33. Rxe2 {[%clk
0:01:29]} Nxe2 {[%clk 0:02:02]} 34. Kxe2 {[%clk 0:01:49]} exd4 {[%clk 0:02:30]}
35. Nxd4 {[%clk 0:01:51]} Rf8 {[%clk 0:02:36]} 36. Rg1 {[%clk 0:00:59]} g5 {[%clk
0:02:56]} 37. Kf1 {[%clk 0:01:05]} Kf7 {[%clk 0:02:59]} 38. Rg3 {[%clk 0:01:14]}
Ke7 {[%clk 0:02:50]} 39. Rf3 {[%clk 0:01:19]} Rxf3 {[%clk 0:03:11]} 40. Nxf3
{[%clk 0:31:43]} c5 {[%clk 0:33:30]} 41. Ke2 {[%clk 0:29:39]} Ke6 {[%clk
0:33:50]} 42. Ke3 {[%clk 0:29:14]} Kf5 {[%clk 0:34:10]} 43. Nd2 {[%clk 0:23:41]}
g4 {[%clk 0:31:53]} 44. Ne4 {[%clk 0:23:45]} Ke5 {[%clk 0:31:46]} 45. Ng3 {[%clk
0:23:33]} g6 {[%clk 0:32:03]} 46. Ne4 {[%clk 0:20:28]} a5 {[%clk 0:26:07]} 47.
Ng3 {[%clk 0:19:30]} d5 {[%clk 0:24:58]} 48. Ne2 {[%clk 0:18:41]} g5 {[%clk
0:24:42]} 49. Ng3 {[%clk 0:17:28]} b4 {[%clk 0:09:37]} 50. Ne2 {[%clk 0:17:28]}
bxc3 {[%clk 0:09:19]} 51. bxc3 {[%clk 0:16:58]} h5 {[%clk 0:09:27]} 52. Ng3
{[%clk 0:16:40]} h4 {[%clk 0:09:48]} 53. Nh5 {[%clk 0:16:54]} Kf5 {[%clk
0:09:00]} 54. Ng7+ {[%clk 0:16:31]} Kf6 {[%clk 0:08:10]} 55. Ne8+ {[%clk
0:16:14]} Ke7 {[%clk 0:06:41]} 56. Ng7 {[%clk 0:16:06]} Kf6 {[%clk 0:06:53]} 57.
Ne8+ {[%clk 0:16:19]} Kf7 {[%clk 0:06:46]} 58. Nd6+ {[%clk 0:16:32]} Ke6 {[%clk
0:07:04]} 59. Ne8 {[%clk 0:16:27]} Kf7 {[%clk 0:05:43]} 60. Nd6+ {[%clk 0:16:46]}
Kg6 {[%clk 0:04:54]} 61. Ke2 {[%clk 0:14:47]} Kf6 {[%clk 0:04:14]} 62. Ne8+
{[%clk 0:14:28]} Ke5 {[%clk 0:04:32]} 63. Ng7 {[%clk 0:14:07]} d4 {[%clk
0:04:28]} 64. cxd4+ {[%clk 0:14:17]} cxd4 {[%clk 0:04:54]} 65. Nh5 {[%clk
0:14:06]} Ke4 {[%clk 0:04:04]} 66. Nf6+ {[%clk 0:13:56]} Kf5 {[%clk 0:03:42]} 67.
Nd5 {[%clk 0:12:52]} h3 {[%clk 0:03:48]} 68. Kf1 {[%clk 0:12:49]} Ke4 {[%clk
0:03:50]} 69. Nf6+ {[%clk 0:13:09]} Kf3 {[%clk 0:03:58]} 70. Kg1 {[%clk 0:13:15]}
d3 {[%clk 0:04:18]} 71. Nd5 {[%clk 0:13:25]} h2+ {[%clk 0:03:26]} 0-1